Construcción de una cultura del riesgo bajo la mirada de la educación : enseñanza y aprendizaje en las comunidades escolares /

Detalles Bibliográficos
Autores principales: Castillo Navia, Mónica Andrea (Autor), Ruiz Torres, Mayerly Zulay (Autor), Caicedo, María Alejandra (Autor)
Formato: Electrónico eBook
Lenguaje:español
Publicado: Manizales, Caldas : Centro Editorial Universidad Católica de Manizales, [2019]
Materias:
Acceso en línea:Digitalia Hispánica

MARC

LEADER 00000nam a2200000Ii 4500
001 DIGUCM0005
003 NyNyDIG
008 231017s2019 ck a ob 000 0 spa d
006 m o d
007 cr |||||||||||
035 |a (OCoLC)1406037444 
040 |a DGITA  |b eng  |e rda  |e pn  |c DGITA 
020 |a 9789588022987  |q eBook 
050 1 4 |a HG9956 ebook 
100 1 |a Castillo Navia, Mónica Andrea,  |e author.  
245 1 0 |a Construcción de una cultura del riesgo bajo la mirada de la educación :  |b enseñanza y aprendizaje en las comunidades escolares /  |c Mónica Andrea Castillo Navia, Mayerly Zulay Ruiz Torres, María Alejandra Caicedo. 
264 1 |a Manizales, Caldas :  |b Centro Editorial Universidad Católica de Manizales,  |c [2019] 
300 |a 1 online resource :  |b illustrations. 
336 |a text  |b txt  |2 rdacontent 
337 |a computer  |b c  |2 rdamedia 
338 |a online resource  |b cr  |2 rdacarrier 
347 |a text file  |2 rdaft 
347 |b PDF 
504 |a Includes bibliographical references. 
588 0 |a Online resource; title from PDF title page (Digitalia, viewed October 17, 2023) 
650 0 |a Casualty insurance. 
650 0 |a Political science  |x Education. 
700 1 |a Ruiz Torres, Mayerly Zulay,  |e author. 
700 1 |a Caicedo, María Alejandra,  |e author. 
791 2 |a Digitalia (Firm),  |e distributor. 
793 0 |g Digitalia eBook Collection:  |a Universidad Católica de Manizales 
856 4 0 |3 Digitalia Hispánica  |u https://www.digitaliapublishing.com/a/129831/ 
910 |a Premium collection: 2023